Culture générale - Quiz #33 - Statistiques

Statistiques générales
  • Ce quiz a été pris 56 677 fois
  • Le résultat moyen est 9 sur 20
Statistiques - réponses
Question Réponse % Correct
Quel pays a obtenu son indépendance de la France à l'issue d'une guerre en 1962 ? L'Algérie
91%
Quel personnage de bande dessinée est reconnaissable à son t-shirt violet et sa longue mèche blonde dressée sur la tête ? Titeuf
86%
Qui dit à sa mère-grand : "Que vous avez de grandes dents" ? Le Petit Chaperon rouge
85%
Quel animal, pourtant herbivore, a la réputation d'être le plus dangereux d'Afrique (et ferait plus de 300 victimes par an) ? L'hippopotame
75%
Quelle ville belge est couramment surnommée "Venise du Nord" ? Bruges
58%
Quelle est la signification du mot portugais São ? Saint
57%
Au Royaume-Uni, que doivent porter les juges pénaux sur leur tête ? Une perruque
56%
Selon un poème d'Arthur Rimbaud, on n'est pas sérieux quand on a quel âge ? 17 ans
52%
Dans quel royaume de fiction se déroule l'intrigue du roman "Le Lion, la Sorcière blanche et l'Armoire magique" ? Narnia
48%
Parmi les pays d'Afrique, lequel possède le plus grand PIB ? Nigeria
48%
De quel élément le diamant est-il composé ? De carbone
45%
Qu'est-ce qui relie la mer des Caraïbes à l'océan Pacifique ? Le canal de Panama
44%
De quel roman Phileas Fogg est-il le héros ? Le Tour du monde en quatre-vingts jours
39%
Quel prénom féminin désigne aussi une petite pâtisserie en forme de coquillage ? Madeleine
27%
Quelle est la signification mot à mot de la locution latine "Carpe Diem" ? Cueille le jour
25%
Quelle science a pour objet d'étude les végétaux ? La botanique
22%
De quelle langue le mot "yaourt" est-il tiré ? Turc
21%
De la culture de quel pays le terme de "zombie" est-il originaire ? Haïti
15%
Quel pays insulaire était anciennement connu sous le nom de Formose ? Taïwan
15%
En argot, quel métier est désigné par "merlan" ? Coiffeur
7%
Aucun quiz correspondant
Distribution des résultats
% des personnes avec chaque résultat
Percentile par nombre de réponses
Votre historique - résultats
Vous n’avez pas pris ce quiz